000 01496cam a2200445 4500
003 PE-LiUPU
005 20250731173409.0
020 _a0825414822
035 _a(Sirsi) i9780825414824
035 _a(Sirsi) 46154
035 _a(Sirsi) 46154
041 _aes
044 _aus
082 0 4 _a253
_bM19
100 1 _aMalphurs, Aubrey
245 _aRealidades de un ministeri :
_blo que no les enseñan a los pastores en el seminario /
_cAubrey Malphurs.
264 1 _aMichigan :
_bPORTAVOZ,
_c2007
300 _a216 páginas ;
_c21 cm.
505 0 _aLos valores de su ministerio -- La misión de su ministerio -- La visión de su ministerio -- La estrategia para su ministerio
526 _aSEG42
526 _aSEG41
526 _aSEG40
526 _aSEG39
526 _aP94
526 _aP87
526 _aP86
526 _aP85
526 _aP77
526 _aP76
526 _aP35
650 1 4 _aTeología pastoral
_91381
650 1 4 _aPastores
_xOficio
942 _2ddc
_cBOOK
949 _a253 M19
_i63712
_lCCODEBUL1
_mBUL
_tLIBRO
_o.STAFF. Colección General
859 _q63712
_h253
_iM19
910 _agl
_bjv
_cng
_d20110927
596 _a1
999 _a253 M19
_wDEWEY
_c52609
_i63712
_d52609
_f2021-11-10
_g5
_lCCODEBUL1
_mBUL
_p11.00
_q1
_r0
_sY
_tBOOK
_u2015-7-6
_xTEOLOGIA
_PP35
_0COMPRA
_o.STAFF. Colección General
980 _81
_gALBERTO SANCHEZ Responsable de Automatización